|
|
|
|
| LEADER |
00000cam a2200000 a 4500 |
| 001 |
vtls010542273 |
| 003 |
SK-MaSNL |
| 005 |
20260426002727.0 |
| 008 |
160610s2013 xo e 000 0 slo |
| 015 |
|
|
|a SNBA2013/09
|
| 020 |
|
|
|a 9788080785994 (brož.)
|
| 035 |
|
|
|a 46D3BC6D-4DF4-4518-9C3E-E94C57AA316F
|
| 035 |
|
|
|a urn:nbn:sk:snk-amlanv
|
| 035 |
|
|
|a urn:nbn:sk:snk-am0092ls
|
| 040 |
|
|
|a SNK
|b slo
|c SNK
|e AACR2
|
| 041 |
0 |
|
|a slo
|
| 043 |
|
|
|a e-xo---
|
| 044 |
|
|
|a xo
|c SK
|
| 072 |
|
7 |
|a 347.9
|x Občianske súdne konanie. Súdnictvo
|2 konspekt
|
| 080 |
|
|
|a 347.9
|2 2001
|
| 080 |
|
|
|a 347.951
|2 2001
|
| 080 |
|
|
|a (437.6)
|2 2001
|
| 080 |
|
|
|a (048.8)
|2 2001
|
| 245 |
0 |
0 |
|a Výber judikatúry k občianskemu súdnemu poriadku
|n 3
|p Oprávnené prostriedky
|
| 246 |
3 |
0 |
|a Oprávnené prostriedky
|
| 246 |
1 |
8 |
|a Výber judikatúry k OSP - Oprávnené prostriedky
|
| 250 |
|
|
|a 1. vyd.
|
| 260 |
|
|
|a Bratislava
|b Iura edition
|c 2013
|
| 300 |
|
|
|a 464 s.
|c 21 cm
|
| 490 |
1 |
|
|a Výber judikatúry
|
| 500 |
|
|
|a Názov z obalu
|
| 650 |
0 |
7 |
|a občianske súdne konanie
|2 SNKPH
|9 2671
|
| 650 |
0 |
7 |
|a súdne rozhodnutia a stanoviská
|2 SNKPH
|9 4638
|
| 650 |
0 |
7 |
|a Judgments
|2 SNKPHeng
|9 274954
|
| 650 |
0 |
7 |
|a Legal procedure
|2 SNKPHeng
|9 313534
|
| 651 |
|
7 |
|a Slovensko
|2 SNKPH
|9 14231
|
| 651 |
|
7 |
|a Slovakia
|2 SNKPHeng
|9 92630
|
| 655 |
|
7 |
|a prehľady
|2 SNKPH
|9 70194
|
| 655 |
|
7 |
|a Surveys
|2 SNKPHeng
|9 266058
|
| 710 |
1 |
2 |
|a Slovensko
|t Občiansky súdny poriadok (1963, novela 2013)
|9 485720
|
| 830 |
|
0 |
|a Výber judikatúry
|9 485721
|
| 852 |
|
|
|a Štátna vedecká knižnica v Banskej Bystrici
|
| 919 |
|
|
|a 978-80-8078-599-4
|
| 999 |
|
|
|c 925839
|d 927769
|
| 952 |
|
|
|a SNK
|b SNK
|y PREZ
|7 0
|p 17A1082754
|o snkSC 153812/3
|i snk2013/21169
|8 0
|0 0
|1 0
|4 0
|d 2013-09-12
|f 1
|l 0
|r 2025-07-24 00:00:00
|w 2026-02-24
|
| 952 |
|
|
|a SNK
|b SNK
|y VYP
|7 0
|p 17A1082755
|o snkSC 153812/3 D1
|i snk2013/21170
|8 0
|0 0
|1 0
|4 0
|d 2013-09-12
|l 0
|r 2026-02-24 08:31:23
|w 2026-02-24
|